| 000 | 00498nam a2200181 i 4500 | ||
|---|---|---|---|
| 001 | 2-00278568 | ||
| 003 | PPAK | ||
| 005 | 20180728113113.0 | ||
| 008 | 070328s my |||| ||||| | may d | ||
| 022 | _a0128-2212 | ||
| 040 |
_aPPAK _beng _cPPAK _erda |
||
| 245 | 0 | 0 |
_aDunia Islam (Feb-Dis 1995) _bPembawa Aspirasi Ummah |
| 264 | 1 |
_aKuala Lumpur: _bCurrent Fleet (M) Sdn. Bhd., |
|
| 336 |
_2rdacontent _atext |
||
| 337 |
_2rdamedia _aunmediated |
||
| 338 |
_2rdacarrier _avolume |
||
| 942 |
_ddc _cSR |
||
| 999 |
_c168516 _d168516 |
||